000 00863nam a2200193Ia 4500
003 GCL
008 140319s9999 xx 000 0 ara d
040 _aGCL /
_cGCL
082 0 4 _a251.1
_bم ر
100 1 _aمحمد على الصابونى
245 1 0 _aروائع البيان: تفسير أيات الاحكام من القرأن: تفسير خاص للايات الاحكام مستخلص من اوثق مصادر التفسير القديمة والحديثة باسلوب مبتكر وطريقة جديدة مع عرض شامل لادلة الفقهاء وبيان الحكمة التشريعية /
_cمحمد على الصابونى
260 _a[S.N] :
_bدار الصابونى ،
_c1986
300 _a637 ص
490 _a
650 0 4 _aالشريعة الاسلامية
650 0 4 _aتفاسير
650 0 4 _aالقران
942 _2ddc
_cBK
999 _c36341
_d36341